Les rêveries du promeneur solitaire / (Record no. 135829)

MARC details
000 -LEADER
campo de control de longitud fija 00688nam a2200181 4500
001 - NÚMERO DE CONTROL
campo de control 135829
003 - IDENTIFICADOR DE NÚMERO DE CONTROL
campo de control ES-MaACL
005 - FECHA Y HORA DE LA ÚLTIMA TRANSACCIÓN
campo de control 20230906194951.0
007 - CAMPO FIJO DE DESCRIPCIÓN FÍSICA--INFORMACIÓN GENERAL
campo de control de longitud fija t|
008 - DATOS DE LONGITUD FIJA--INFORMACIÓN GENERAL
campo de control de longitud fija 070214s1946 fr r ||||1| fre d
100 1# - ENTRADA PRINCIPAL--NOMBRE DE PERSONA
Nombre de persona Rousseau, Jean-Jacques.
9 (RLIN) 100055
245 14 - MENCIÓN DEL TÍTULO
Título Les rêveries du promeneur solitaire /
Mención de responsabilidad, etc. Jean-Jacques Rousseau ; introduction, notes, glossaire et index par Bernard Groethuysen.
260 ## - PUBLICACIÓN, DISTRIBUCIÓN, ETC.
Lugar de publicación, distribución, etc. Paris :
Nombre del editor, distribuidor, etc. Association pour la Diffusion de la Pensée Française,
Fecha de publicación, distribución, etc. 1946.
300 ## - DESCRIPCIÓN FÍSICA
Extensión 173 p. ;
Dimensiones 16 cm.
700 1# - ENTRADA AGREGADA--NOMBRE PERSONAL
Nombre de persona Groethuysen, Bernard.
9 (RLIN) 60114
710 00 - ENTRADA AGREGADA--NOMBRE DE ENTIDAD CORPORATIVA
Nombre de entidad corporativa o nombre de jurisdicción como elemento de entrada Association pour le Diffusión de la Pensée Française (
Sede del congreso/Lugar de la reunión París)
9 (RLIN) 1832
852 ## - LOCALIZACIÓN
Ubicación ES-MaACL
Número de control de estantería D-5758
Sublocalización o colección R.26191
Holdings
Estatus retirado Estado de pérdida Estado de daño No para préstamo Biblioteca de origen Biblioteca actual Ubicación en estantería Fecha de adquisición Fuente de adquisición Total de préstamos Signatura topográfica completa Código de barras Visto por última vez Precio de reemplazo Tipo de ítem Koha
        Biblioteca del Ateneo de Madrid Biblioteca del Ateneo de Madrid Sala Valle Inclán 17/01/2008     D-5758 901141367 23/02/2023 23/02/2023 Libro impreso